'E' Girls' Names 2015 (UK) Quiz Stats

 Plays Quiz not verified by Sporcle

Challenge
Share
Tweet
Embed
Score 0/95 Timer 10:00
0 Plays Today
Hint Answer % Correct
29Eva
100%
161Eve
99.6%
60Emma
99.2%
3Emily
98.8%
6Ella
98.4%
47Ellie
98.4%
39Elizabeth
97.2%
49Eliza
97.2%
28Evelyn
96.8%
15Evie
96.4%
625Elle
96.4%
54Eleanor
94.4%
43Erin
94%
122Edith
94%
45Emilia
93.1%
372Elisa
92.3%
384Ellen
91.5%
154Esther
90.7%
33Elsie
89.5%
146Elena
89.1%
191Elise
89.1%
414Ela
88.7%
262Elsa
88.7%
150Edie
85.9%
101Eloise
85.5%
238Emilie
83.9%
350Erica
83.9%
38Esme
83.1%
649Elisabeth
83.1%
656=Ema
79.8%
131Eden
79.4%
294Ebony
78.2%
Hint Answer % Correct
461Erika
77.8%
233Emmie
76.6%
432=Emmy
74.6%
564Elin
73.8%
871=Elia
73.8%
286Evangeline
72.6%
984=Emme
72.2%
249Eliana
69.4%
609Elissa
69.4%
195Emelia
68.1%
343Effie
67.7%
891=Estelle
67.3%
368Etta
66.9%
831=Elouise
62.5%
395Emmeline
62.1%
432=Everly
60.1%
845=Ella-May
60.1%
423Ella-Mae
59.7%
352Ellie-Mae
59.3%
656=Evalyn
58.9%
455Ellie-May
58.5%
185Esmee
57.7%
500Eryn
56.9%
984=Enid
56.9%
517=Emily-Rose
56.5%
831=Ellie-Rose
55.6%
539Evie-Mae
54.4%
508=Evie-Rose
53.6%
124Esmae
53.2%
666Elsie-Mae
52.8%
923=Evie-May
52.8%
696Ellie-Mai
52%
Hint Answer % Correct
656=Elisha
51.2%
942Elsie-Rose
51.2%
965=Elinor
51.2%
162Elodie
49.6%
517=Esmay
48.8%
745Enya
47.2%
831=Eva-Rose
46.4%
965=Ella-Grace
44%
512=Esmai
42.7%
871=Elina
42.3%
891=Evie-Grace
42.3%
891=Emilee
38.7%
517=Elif
36.3%
923=Emmanuella
36.3%
735Evelina
35.9%
607Emilija
31.5%
923=Ezmae
29.8%
871=Ellena
28.2%
819=Elaina
27.4%
674Ella-Louise
27%
819=Esha
25.8%
512=Eshaal
19.8%
760Eshal
19.8%
891=Elora
18.1%
794Elspeth
17.3%
845=Eleni
14.1%
549Eira
13.3%
819=Eleri
8.9%
508=Emaan
7.3%
595Eadie
6%
809Efa
4.4%

You're not logged in!

Compare scores with friends on all Sporcle quizzes.
Join for Free
OR
Log In

You Might Also Like...

Show Comments

Extras

Created Sep 18, 2016ReportNominate
Tags:Baby Names Quiz

Top Quizzes Today


Score Distribution

Your Account Isn't Verified!

In order to create a playlist on Sporcle, you need to verify the email address you used during registration. Go to your Sporcle Settings to finish the process.

Report this User

Report this user for behavior that violates our Community Guidelines.

Details: